000 00477nam a2200181Ia 4500
005 20250923144513.0
008 008 250917s9999 xx 000 0 eng d
037 _aTextual
040 _aDSWL
_beng
_cDSWL
041 _aeng
_2eng
084 _qDSWL
100 _aSmith, W.C.
_9825540
245 0 _aAO naga tribe of Assam
_cby W.C. Smith
260 _aLondon
_bMcmillan & Co
_c1925
300 _axxvii,244p.
942 _cTEXL
999 _c1439742
_d1439742